Library Banner

College mathematics: (Record no. 17996)

MARC details
000 -LEADER
fixed length control field 00541nam a2200181Ia 4500
001 - CONTROL NUMBER
control field 17580
008 - FIXED-LENGTH DATA ELEMENTS--GENERAL INFORMATION
fixed length control field 140405s9999 xx 000 0 und d
020 ## - INTERNATIONAL STANDARD BOOK NUMBER
International Standard Book Number 0-13-372020-9
040 ## - CATALOGING SOURCE
Transcribing agency PK-LaUMT
082 ## - DEWEY DECIMAL CLASSIFICATION NUMBER
Classification number 510
Item number BAR-C
100 ## - MAIN ENTRY--PERSONAL NAME
Personal name Michael R. Ziegler
245 ## - TITLE STATEMENT
Title College mathematics:
Remainder of title For business, economics life sceinces, and social sciences.
Statement of responsibility, etc Michael R. Ziegler<>Raymond A. Barnett
260 ## - PUBLICATION, DISTRIBUTION, ETC. (IMPRINT)
Place of publication, distribution, etc Upper Saddle River,USA:
Name of publisher, distributor, etc Prentice Hall,
Date of publication, distribution, etc 1996
300 ## - PHYSICAL DESCRIPTION
Extent 1134 p.
546 ## - LANGUAGE NOTE
Language note EN
700 ## - ADDED ENTRY--PERSONAL NAME
Personal name Raymond A. Barnett
942 ## - ADDED ENTRY ELEMENTS (KOHA)
Koha item type Books
Holdings
Withdrawn status Lost status Source of classification or shelving scheme Damaged status Not for loan Home library Current library Date acquired Total Checkouts Full call number Barcode Date last seen Price effective from Koha item type
Withdrawn   Dewey Decimal Classification Damaged Not For Loan UMT Main Campus UMT Main Campus 2014-04-05   510 BAR-C 20667 2014-04-22 2014-04-22 Books